10 Najlepszych strzelców SSC Napoli - Statystyki

Ogólne statystyki
  • Ten quiz został rozwiązany 37 razy
  • Średni wynik to 4 z 10
Statystyki odpowiedzi
Gole Piłkarz % Poprawnych
115 Diego Maradona
89%
148 Dries Mertens
80%
121 Marek Hamsik
71%
122 Lorenzo Insigne
69%
91 Gonzalo Higuain
66%
104 Edinson Cavani
54%
96 Careca
6%
89 Jose Altafini
6%
103 Antonio Vojak
3%
108 Attila Sallustro
3%
Nie znaleziono quizów pasujących do podanych kryteriów
Rozkład punktacji
Procent ludzi z każdym wynikiem
Percentyl według liczby udzielonych odpowiedzi
Twoja historia wyników
Nie rozwiązałeś tego quizu